000 00897cam a2200301 4500
001 J3212
008 090401t1995 xxu||||| |||| 00| 0 eng d
035 _a(Sirsi) u53720
041 _aeng
050 _a631.1
110 _aFarm Development Review
_9629
245 4 _aThe development directory: sources of information for the planning, funding and control of a new farm business.
250 _a2nd ed.
260 _aBradford
_bMCB University Press
_c1995
300 _a40p. ; 30cm.
350 _a0
490 _aFarm Development Review
_vSpecial Issue
520 _aSpecial issue of Farm Development Review, August 1995.
650 _aALTERNATIVE ENTERPRISES
650 _aDEVELOPMENT DIRECTORY
650 _aDIRECTORIES
650 _aFARM BUSINESS
650 _aFARMING
690 _aRURAL PRACTICE
700 _aWilliams, John
_xEditor
942 _n0
948 _c04/03/1997
999 _c93323
_d93323